000 00818pam a2200229 a 4500
001 3467793
005 20180130032439.0
008 930319s1993 ctu b 001 0 eng
010 _a 93007716
020 _a0313277656 (acidfree paper)
040 _aDLC
_cDLC
_dDLC
041 _aeng
080 _a616.8914 chr
082 0 0 _a616.8914 chr
_220
100 1 _a48
101 _apsi
245 1 0 _aFrom the other side of the couch :
_cChris E. Stout.
504 _aIncludes bibliographical references (p. [167]-168) and index.
906 _a7
_bcbc
_corignew
_d1
_eocip
_f19
_gy-gencatlg
942 _2ddc
_cBK
999 _c41206
_d41206